| 000 | 00783nam a2200229Ia 4500 | ||
|---|---|---|---|
| 999 |
_c36019 _d36019 |
||
| 001 | 1918 | ||
| 003 | GE_BSU | ||
| 005 | 20221011104342.0 | ||
| 008 | 181216s2005ru xx |||||||||||||| ||rus|| | ||
| 010 | _a5964500358 | ||
| 040 | _cGE_BSU | ||
| 041 | _arus | ||
| 080 | _a342.8(075.8) Б-43 | ||
| 100 |
_aБелов, С.Ф. _915221 |
||
| 245 |
_aИзбирательная система как правовой ин-ут / _cС.Ф. Белов. |
||
| 264 |
_aСПБ : _bДом Санкт-Петербургский гос- ун-т, _c2005. |
||
| 300 |
_a120 с.: _b21 см. |
||
| 653 | _aИзбирательная система как правовой | ||
| 653 | _aსაარჩევნო სისტემა | ||
| 653 | _aსამართალი | ||
| 942 |
_cBK _2udc |
||